00389 2200157 4500001002100000005001700021008004100038035002500079041000700104082000800111090001400119100001300133245002900146260003100175300002500206INLIS0000000000016740:yyyyMMddHHmmss180719||||||||| | ||| |||| || |  a0010-031300000001674 aid0 a629 a629 DAR t0 adaryanto00ateknik automobil lengkap aBandungbYrama Widyac2002 avi, 462 hal, 20,5 cm